Modern Egypt / (Record no. 16435)

MARC details
000 -LEADER
fixed length control field 01588cam a2200373 i 4500
001 - CONTROL NUMBER
control field 11825532
003 - CONTROL NUMBER IDENTIFIER
control field EG-ScBUE
005 - DATE AND TIME OF LATEST TRANSACTION
control field 20240805104132.0
008 - FIXED-LENGTH DATA ELEMENTS--GENERAL INFORMATION
fixed length control field 991027r19111908enk f b 001 0 eng d
020 ## - INTERNATIONAL STANDARD BOOK NUMBER
Cancelled/invalid ISBN 9781108025539
040 ## - CATALOGING SOURCE
Original cataloging agency DLC
Language of cataloging eng
Description conventions rda
Transcribing agency DLC
Modifying agency EG-ScBUE
043 ## - GEOGRAPHIC AREA CODE
Geographic area code f-ua---
082 04 - DEWEY DECIMAL CLASSIFICATION NUMBER
Classification number 962.04
Edition number 22
Item number CRO
100 1# - MAIN ENTRY--PERSONAL NAME
Personal name Cromer, Evelyn Baring,
Titles and other words associated with a name Earl of,
Dates associated with a name 1841-1917,
Relator term author.
9 (RLIN) 28789
245 10 - TITLE STATEMENT
Title Modern Egypt /
Statement of responsibility, etc by the Earl of Cromer.
250 ## - EDITION STATEMENT
Edition statement New edition.
264 #1 - PUBLICATION, DISTRIBUTION, ETC. (IMPRINT)
Place of publication, distribution, etc London :
Name of publisher, distributor, etc Macmillan and Co., Limited,
Date of publication, distribution, etc 1911.
300 ## - PHYSICAL DESCRIPTION
Extent 931 pages ;
Dimensions 23 cm.
336 ## - CONTENT TYPE
Source rdacontent
Content type term text
Content type code txt
337 ## - MEDIA TYPE
Media type term unmediated
Source rdamedia
Media type code n
338 ## - CARRIER TYPE
Carrier type term volume
Carrier type code nc
Source rdacarrier
490 0# - SERIES STATEMENT
Series statement Cambridge library collection
500 ## - GENERAL NOTE
General note Originally published: New York : Macmillan, 1908.
504 ## - BIBLIOGRAPHY, ETC. NOTE
Bibliography, etc Includes bibliographical references and index.
651 #7 - SUBJECT ADDED ENTRY--GEOGRAPHIC NAME
Geographic name Egypt
General subdivision History
Chronological subdivision British occupation, 1882-1936.
Source of heading or term BUEsh
9 (RLIN) 28790
651 #7 - SUBJECT ADDED ENTRY--GEOGRAPHIC NAME
Geographic name Egypt
General subdivision Politics and government
Chronological subdivision 1882-1952.
Source of heading or term BUEsh
9 (RLIN) 28791
651 #7 - SUBJECT ADDED ENTRY--GEOGRAPHIC NAME
Geographic name Great Britain
General subdivision Colonies
-- Administration
-- History
Chronological subdivision 19th century.
Source of heading or term BUEsh
9 (RLIN) 28792
651 #7 - SUBJECT ADDED ENTRY--GEOGRAPHIC NAME
Geographic name Great Britain
General subdivision Colonies
-- Administration
-- History
Chronological subdivision 20th century.
Source of heading or term BUEsh
9 (RLIN) 28793
653 ## - INDEX TERM--UNCONTROLLED
Arrived date list February2012
655 ## - INDEX TERM--GENRE/FORM
Form subdivision Reading book
942 ## - ADDED ENTRY ELEMENTS (KOHA)
Source of classification or shelving scheme Dewey Decimal Classification
Koha item type Book - Borrowing
Holdings
Withdrawn status Lost status Source of classification or shelving scheme Damaged status Not for loan Collection code Home library Current library Shelving location Date acquired Source of acquisition Cost, normal purchase price Serial Enumeration / chronology Total Checkouts Total Renewals Full call number Barcode Date last seen Date checked out Price effective from Koha item type
    Dewey Decimal Classification     MERIC Central Library Central Library Second Floor 09/02/2012 Purchase 400.00 13168 5 19 962.04 CRO 000026051 15/07/2025 27/04/2021 09/02/2012 Book - Borrowing